| 000 | 00703cam a2200217 4500 | ||
|---|---|---|---|
| 001 | WB3644-25 | ||
| 008 | 000000n2000 000 0 eng u | ||
| 035 | _a(Sirsi) u109264 | ||
| 245 | _aLawyers face threat from supermarkets | ||
| 260 | _c2000 | ||
| 490 |
_aTimes _v 7 November 2000, 10(1) |
||
| 520 | _aDescribes a report to be laid before the Law Society this week, outlining a proposal for "One-stop shops" where people can seek advice from a lawyer, accountant and estate agent under the same roof. | ||
| 590 | _aWB | ||
| 650 | _aONE-STOP SHOPS | ||
| 650 | _aLEGAL ADVICE | ||
| 650 | _aMIXED PRACTICES | ||
| 650 | _aSOLICITORS | ||
| 650 | _aLAW SOCIETY | ||
| 690 | _aLAW | ||
| 942 | _n0 | ||
| 999 |
_c65215 _d65215 |
||